Хрониките на Клифтън : Т. 7 (Запис номер 189489)
[ съкратено ]
| 000 -Лидер | |
|---|---|
| Контролно поле с фиксирана дължина | 01532nam a2200373 c 4500 |
| 003 - Код на организацията, давaща контролен номер | |
| Контролно поле | BLK |
| 005 - Дата и час на последна редакция | |
| Контролно поле | 20250716103447.0 |
| 008 - Елементи от данни с фиксирана дължина | |
| fixed length control field | 180411b bul|||||r ||||||| ||bul|| |
| 010 ## - Наследен системен номер | |
| LC control number | KNG00198532000 |
| 020 ## - Международен стандартен номер на книга ISBN | |
| Международен стандартен номер на книга ISBN | 978-954-655-719-3 |
| 040 ## - Източник на каталожния запис | |
| Идентификатор на билиотеката - собственик на записа | BLK |
| 041 ## - Код за език | |
| Код за езика на текст/звукозапис или на отделно заглавие | Български |
| Код за езика КДБФ | Български |
| 072 #7 - Код за тематичната категория | |
| Код организация | bullib |
| Код за тематична категория | Н83 |
| Текст | Чужда художествена литература Н |
| 080 ## - УДК | |
| Текстов определител УДК | Английска литература |
| УДК код - определител по УДК | 821.111 |
| УДК определител | -31 |
| УДК - код + определител | 821.111-31 |
| 100 ## - Редна дума - Автор | |
| Автор | Арчър, Джефри |
| R(LIN) | 246108 |
| 139 ## - Редно поле | |
| Редна дума | Арчър, Джефри |
| Авторски знак | Арц - А 91 |
| 245 10 - Сведения за заглавието | |
| Заглавие | Хрониките на Клифтън : Т. 7 |
| Подзаглавни данни | Роман : Т. 1 - |
| Редно поле (дума) | Джефри Арчър; прев. Венцислав Божидаров Божилов. |
| Том | Т. 7 |
| Заглавие на том | Той бе човек |
| 257 ## - Страна на издаване | |
| Страна на създаване/издаване | Великобритания |
| 260 ## - Област на издателските данни | |
| Година на издаване | 2011 - |
| Печатница | София : Алианс принт |
| 300 ## - Физическа характеристика | |
| Размери/Мащаб | 20 см |
| 380 ## - Жанр | |
| Жанр | Худож. лит. |
| 500 ## - Общи забележки | |
| Забележка | Ориг. загл. The Clifton Chronicles / Jeffrey Archer. |
| 653 ## - Ключова дума – ненормативна | |
| Ключова дума | романи |
| 659 ## - Тематичен бюлетин | |
| Тематичен бюлетин | Н |
| 700 ## - Други автори (авторска отговорност) | |
| Лично име | Божилов, Венцислав Божидаров |
| Звания и думи, свързани с автора | Теодосиев, Стефан, 1968- (псевдоним) |
| Дати, свързани с автора | 1968- |
| 9 (RLIN) | 367877 |
| 760 1# - Описание на основната серия | |
| Редна дума на основното описание | Арчър, Джефри |
| Място на издаване, издател и година | Бард, 2016 |
| Страници - том | 480 с. |
| Забележка - том | Ориг. загл. This Was a Man. |
| Заглавие | Т. 7 Той бе човек |
| 852 ## - Местоположение | |
| Форматна сигнатура | Цб 253957 |
| 856 4# - Електронен адрес и достъп | |
| Електронен формат | pdf - файл |
| 856 4# - Електронен адрес и достъп | |
| Електронен формат | pdf - файл |
| 999 ## - СИСТЕМНИ КОНТРОЛНИ НОМЕРА | |
| Koha biblionumber | 189489 |
| Koha biblioitemnumber | 189489 |
| 942 ## - АРТИКУЛИ | |
| Вид на библиотечния материал | Книги |
| Скрит в OPAC | Не |
| Koha issues (borrowed), all copies | 153 |
| 944 ## - СЪЗДАВАНЕ И РЕДАКЦИЯ на ЗАПИСА | |
| Създаване/Редакция | Създаване |
| Дата на регистрацията/редакция | 19.12.2016 |
| Статус, дата на статуса | Минев Младен |
| Служител, извършил регистрацията/редакцията | 30530 |
| 944 ## - СЪЗДАВАНЕ И РЕДАКЦИЯ на ЗАПИСА | |
| Създаване/Редакция | Редакция |
| Дата на регистрацията/редакция | 30.05.2017 |
| Статус, дата на статуса | ф / |
| Служител, извършил регистрацията/редакцията | Пенка_Димитрова |
| 999 ## - СИСТЕМНИ КОНТРОЛНИ НОМЕРА | |
| Koha biblioitemnumber | 189489 |
| Код за отписване | Код за изгубен артикул | Източник на класификационната схема | Код за повреда | Коз за рестрикции | Код за отдаване | Артикулен № | Име на библиотеката - собственик | Име на библиотеката, в която се намира в момента | Статус (Текущо местоположение) | Дата на вписване в системата | Местоположение - отдел | Цена в лева | Инвентарен номер | Систематично азбучна сигнатура | Баркод | Номер на екземпляра | Цена в евро | Служебна бележка | Служебен тип на артикула |
|---|---|---|---|---|---|---|---|---|---|---|---|---|---|---|---|---|---|---|---|
| Не е изгубен | Universal Decimal Classification | Не е повреден | без рестрикции | заемане за дома | 333406 | Регионална библиотека "Любен Каравелов" Русе | Регионална библиотека "Любен Каравелов" Русе | Заемна - подръчен фонд | 2016-12-21 | Заемна - подръчен фонд | 15.99 | 120000807004 | П 820-31/А 91 | 120000807004 | 1 | 8.18 | Дост: Pk Вид: Ф N: 475 Дата: 19.12.2016 Дата инв: 17.02.2018 Бележки инв: П2018 | Книги | |
| Изтеглен | Не е изгубен | Не е повреден | без рестрикции | заемане за дома | 333407 | Регионална библиотека "Любен Каравелов" Русе | Регионална библиотека "Любен Каравелов" Русе | Заемна - подръчен фонд | 2016-12-21 | Заемна - подръчен фонд | 15.99 | 120000807005 | П 820-31/А 91 | 120000807005 | 2 | 8.18 | Дост: Pk Вид: Ф N: 475 Дата: 19.12.2016 Дата инв: 16.02.2018 Бележки инв: П2018 | Книги | |
| Не е изгубен | Universal Decimal Classification | Не е повреден | без рестрикции | заемане за дома | 333408 | Регионална библиотека "Любен Каравелов" Русе | Регионална библиотека "Любен Каравелов" Русе | Заемна - подръчен фонд | 2016-12-21 | Заемна - подръчен фонд | 15.99 | 120000807006 | П 820-31/А 91 | 120000807006 | 3 | 8.18 | Дост: Pk Вид: Ф N: 475 Дата: 19.12.2016 Дата инв: 12.03.2018 Бележки инв: П2018 | Книги | |
| Не е изгубен | Universal Decimal Classification | Не е повреден | без рестрикции | заемане за дома | 333409 | Регионална библиотека "Любен Каравелов" Русе | Регионална библиотека "Любен Каравелов" Русе | Заемна - подръчен фонд | 2016-12-21 | Заемна - подръчен фонд | 15.99 | 120000807007 | П 821-31/А 91 | 120000807007 | 4 | 8.18 | Дост: Pk Вид: Ф N: 475 Дата: 19.12.2016 Дата инв: 14.02.2018 Бележки инв: П2018 | Книги | |
| Не е изгубен | Не е повреден | без рестрикции | ползва се в читалня | 333410 | Регионална библиотека "Любен Каравелов" Русе | Регионална библиотека "Любен Каравелов" Русе | Хранилище | 2017-05-30 | Хранилище | 15.99 | 120000811762 | Цб 253957 | 120000811762 | 5 | 8.18 | Дост: Dp Вид: Д N: 17 Дата: 31.03.2017 | Книги |